000 00924cab a22002055a 4500
001 L137420
008 070404e20070317xxk f 000 0 eng d
035 _a(Sirsi) u137420
041 0 _aeng
100 1 _aBoswall, Julian
245 0 0 _aLandowners face a snake in the grass
260 _c2007
490 0 _aEstates Gazette
_v17 March 2007, 155(1)
520 _aDiscusses the effect on land values and development schemes posed by the Commons Act 2006 which contains important revisions of the rules for registering land as a town or village green. Suggests that registration as a green will make development of the land illegal, that the law will create uncertainty for landowners and developers, and that objectors will target housing and regeneration schemes.
590 _aKA
650 2 4 _aCOMMONS ACT 2006
651 4 _aEngland and Wales
_y1543-
690 _aPROPERTY-RURAL AND NATURAL ASSETS-LAND
942 _n0
999 _c78597
_d78597